[Event "ODJM A 2017"]
[Site "Willingen GER"]
[Date "2017.06.05"]
[Round "3"]
[White "Brockmeyer, Tobias"]
[Black "Ortmeier, Leonhard"]
[Result "0-1"]
[Termination "normal"]
[Board "30"]
[WhiteElo "1586"]
[BlackElo "1921"]
[PlyCount "108"]
[WhiteFideId "12982385"]
[BlackFideId "12993662"]
[EventCountry "GER"]
[EventRounds "9"]
[EventType "swiss"]
[EventDate "2017.06.03"]

1. d4 Nf6 2. Bg5 g6 3. Bxf6 exf6 4. e3 Bg7 5. g3 O-O 6. Bg2 d5 7. Ne2 c6 8. O-O
Qe7 9. Nd2 f5 10. c4 dxc4 11. Nxc4 Nd7 12. Rb1 Nf6 13. b4 Ne4 14. Qc2 Bd7 15.
Rfc1 Rac8 16. a3 Rfe8 17. Qd3 Rcd8 18. Na5 Bc8 19. Nb3 Bh6 20. Nf4 Rd6 21. Nc5
b6 22. Nxe4 fxe4 23. Qe2 Bg7 24. b5 cxb5 25. Qxb5 Bd7 26. Qb4 g5 27. Ne2 Bf8
28. Rc7 a5 29. Qc4 Qf6 30. Nc3 Qf5 31. a4 Rf6 32. Rb2 Rd6 33. d5 Bg7 34. Bxe4
Qg4 35. Bg2 Qxc4 36. Rxc4 Bxc3 37. Rxc3 Bxa4 38. e4 g4 39. f4 gxf3 40. Bxf3 Bd7
41. Re2 f6 42. Rc7 a4 43. Ra7 b5 44. Rb2 Kf8 45. Rb4 Rc8 46. Be2 Rc5 47. Ra5 f5
48. exf5 Rdxd5 49. Kf2 Rxf5+ 50. Rf4 Ke7 51. Ke3 Kd6 52. Kd4 Rfd5+ 53. Ke3 Rc3+
54. Ke4 Rb3 0-1

[Event "ODJM A 2017"]
[Site "Willingen GER"]
[Date "2017.06.05"]
[Round "3"]
[White "Steffens, Oliver"]
[Black "Kracht, Raphael"]
[Result "1/2-1/2"]
[Termination "normal"]
[Board "31"]
[WhiteElo "1948"]
[BlackElo "1682"]
[PlyCount "163"]
[WhiteFideId "12947148"]
[BlackFideId "16214382"]
[EventCountry "GER"]
[EventRounds "9"]
[EventType "swiss"]
[EventDate "2017.06.03"]

1. e4 e5 2. Nf3 Nc6 3. Bb5 Nge7 4. c3 g6 5. d4 exd4 6. cxd4 a6 7. Ba4 b5 8. Bc2
Bg7 9. d5 Na5 10. Bd2 c5 11. Bc3 O-O 12. O-O d6 13. h3 b4 14. Bxg7 Kxg7 15. Re1
f6 16. a3 Rb8 17. Nbd2 Bd7 18. Ba4 b3 19. Bxd7 Qxd7 20. Re3 Qa4 21. Rc1 Nc8 22.
Qe2 Qb5 23. Nc4 Nxc4 24. Qxc4 Qxc4 25. Rxc4 Nb6 26. Rc1 a5 27. Rxb3 Na4 28. Nd2
Nxb2 29. Rc2 Rxb3 30. Nxb3 Rb8 31. Nxa5 Rb5 32. a4 Rxa5 33. Rxb2 Rxa4 34. f3 f5
35. exf5 gxf5 36. Rb6 Kf6 37. Rxd6+ Ke5 38. Rd7 c4 39. Kf1 Kd4 40. d6 Kd5 41.
Rd8 c3 42. Rc8 Kxd6 43. Rxc3 Ke5 44. Kf2 Ra2+ 45. Kg3 f4+ 46. Kh2 Ra7 47. Rc5+
Kd4 48. Rf5 Ke3 49. h4 Rg7 50. Re5+ Kf2 51. Rg5 Rf7 52. h5 Ke3 53. Kh3 Ra7 54.
Kg4 Ra2 55. Kf5 Ra5+ 56. Kf6 Ra6+ 57. Kg7 Ra7+ 58. Kh6 Kf2 59. Rg4 Ke3 60. Kg5
Ra5+ 61. Kh4 Ra1 62. h6 Ra6 63. Kh5 Ra5+ 64. Rg5 Ra1 65. Kg4 Ra6 66. Kh5 Ra1
67. Kg4 Ra6 68. Kh5 Ra1 69. Re5+ Kf2 70. Kg5 Kxg2 71. Kxf4 Ra6 72. Re2+ Kh3 73.
Re1 Kg2 74. Re2+ Kh3 75. Kg5 Rg6+ 76. Kh5 Rf6 77. Re5 Rxf3 78. Kg5 Rg3+ 79. Kf5
Kh4 80. Re1 Rf3+ 81. Ke6 Kg5 82. Rh1 1/2-1/2

[Event "ODJM A 2017"]
[Site "Willingen GER"]
[Date "2017.06.05"]
[Round "3"]
[White "Cejda, Moritz"]
[Black "Wiesner, Alexander"]
[Result "1-0"]
[Termination "normal"]
[Board "32"]
[WhiteElo "1684"]
[BlackElo "1917"]
[PlyCount "79"]
[WhiteFideId "12925152"]
[BlackFideId "12943991"]
[EventCountry "GER"]
[EventRounds "9"]
[EventType "swiss"]
[EventDate "2017.06.03"]

1. e4 d6 2. d4 Nf6 3. Nc3 e5 4. dxe5 dxe5 5. Bg5 Qxd1+ 6. Rxd1 Bb4 7. Bxf6 gxf6
8. Nge2 f5 9. a3 Ba5 10. b4 Bb6 11. Nd5 c6 12. Ndc3 a5 13. g3 axb4 14. axb4 Ke7
15. Bh3 fxe4 16. Bxc8 Rxc8 17. Nxe4 Na6 18. c3 Rd8 19. O-O f5 20. Nd2 Rd5 21.
Nc4 Bc7 22. Ne3 Rxd1 23. Rxd1 Ke6 24. Kg2 Nb8 25. Rd2 Ra3 26. Nc4 Ra1 27. f4
Nd7 28. fxe5 b5 29. Nd4+ Kd5 30. Ne3+ Ke4 31. Nexf5 Nxe5 32. h3 Ra3 33. Re2+
Kd3 34. Re3+ Kd2 35. Ne2 Ra2 36. Kf2 Kd1 37. Kf1 Rd2 38. Ned4 Nd3 39. Rf3 Rh2
40. Rxd3+ 1-0

[Event "ODJM A 2017"]
[Site "Willingen GER"]
[Date "2017.06.05"]
[Round "3"]
[White "Reitz, Philipp"]
[Black "Schumann, Oliver"]
[Result "1-0"]
[Termination "normal"]
[Board "33"]
[WhiteElo "1954"]
[BlackElo "1875"]
[PlyCount "47"]
[WhiteFideId "12973297"]
[BlackFideId "1270397"]
[EventCountry "GER"]
[EventRounds "9"]
[EventType "swiss"]
[EventDate "2017.06.03"]

1. Nf3 Nf6 2. d4 g6 3. c4 Bg7 4. Nc3 O-O 5. e4 d6 6. Be2 e5 7. dxe5 dxe5 8.
Qxd8 Rxd8 9. Bg5 h6 10. Bxf6 Bxf6 11. Nd5 Bg7 12. Nxc7 Nc6 13. Nxa8 Be6 14. O-O
Rxa8 15. Rfe1 Nb4 16. Red1 Rc8 17. a3 Na6 18. b4 b6 19. Rac1 Nb8 20. h3 f5 21.
Rd6 Kf7 22. Nh4 Re8 23. exf5 gxf5 24. Bh5+ 1-0

[Event "ODJM A 2017"]
[Site "Willingen GER"]
[Date "2017.06.05"]
[Round "3"]
[White "Wübker, Paul-Luca"]
[Black "Weinkauf, Viktor"]
[Result "1-0"]
[Termination "normal"]
[Board "34"]
[WhiteElo "1806"]
[BlackElo "1732"]
[PlyCount "81"]
[WhiteFideId "12939528"]
[BlackFideId "1272036"]
[EventCountry "GER"]
[EventRounds "9"]
[EventType "swiss"]
[EventDate "2017.06.03"]

1. d4 Nf6 2. c4 c5 3. d5 e5 4. Nc3 d6 5. e4 Be7 6. Bd3 Nbd7 7. Nf3 h5 8. h3 h4
9. Be3 Nf8 10. Qd2 Ng6 11. O-O Nh5 12. Ne2 Bd7 13. a3 O-O 14. b4 b6 15. b5 Nh8
16. Rae1 g6 17. Nh2 f5 18. f4 exf4 19. Bxf4 g5 20. Be3 Ng3 21. exf5 Nxf1 22.
Rxf1 Bf6 23. Ng4 Nf7 24. Nc3 Bxc3 25. Qxc3 Ne5 26. Nxe5 dxe5 27. Qd2 Qc8 28.
Bxg5 Bxf5 29. Bh6 Rf6 30. Qg5+ Rg6 31. Bxf5 Rxg5 32. Bxc8 Rg3 33. Rf8+ Kh7 34.
Bf5+ Kxh6 35. Rxa8 Kg5 36. Rg8+ Kxf5 37. Rxg3 hxg3 38. Kf1 e4 39. Ke2 Ke5 40.
Ke3 Kf5 41. h4 1-0

[Event "ODJM A 2017"]
[Site "Willingen GER"]
[Date "2017.06.05"]
[Round "3"]
[White "Isler, Benjamin"]
[Black "Melde, Benjamin"]
[Result "1-0"]
[Termination "normal"]
[Board "35"]
[WhiteElo "1740"]
[BlackElo "1781"]
[PlyCount "45"]
[WhiteFideId "12975478"]
[BlackFideId "12958816"]
[EventCountry "GER"]
[EventRounds "9"]
[EventType "swiss"]
[EventDate "2017.06.03"]

1. e4 c5 2. d4 cxd4 3. c3 dxc3 4. Nxc3 Nc6 5. Nf3 a6 6. Bc4 e6 7. O-O Nge7 8.
Bg5 f6 9. Be3 Ng6 10. Qe2 Be7 11. Rfd1 b5 12. Bxe6 dxe6 13. Rxd8+ Nxd8 14. Rd1
Nc6 15. Nxb5 O-O 16. Nc7 Rb8 17. Nxa6 Bxa6 18. Qxa6 Rfc8 19. Rc1 Ra8 20. Qb7
Rab8 21. Qa6 Ra8 22. Qb6 Rab8 23. Rxc6 1-0

[Event "ODJM A 2017"]
[Site "Willingen GER"]
[Date "2017.06.05"]
[Round "3"]
[White "von Estorff, Jacob"]
[Black "Petri, Ben-Luca"]
[Result "1/2-1/2"]
[Termination "normal"]
[Board "36"]
[WhiteElo "1987"]
[BlackElo "1709"]
[PlyCount "79"]
[WhiteFideId "12974501"]
[BlackFideId "12947261"]
[EventCountry "GER"]
[EventRounds "9"]
[EventType "swiss"]
[EventDate "2017.06.03"]

1. e4 e5 2. Nf3 Nc6 3. d4 exd4 4. Nxd4 Nf6 5. Nxc6 bxc6 6. e5 Qe7 7. Qe2 Nd5 8.
Nd2 Nb4 9. Nf3 Ba6 10. c4 d5 11. b3 c5 12. a3 Nc6 13. Bf4 Rb8 14. Qc2 d4 15.
Bd3 h6 16. O-O g5 17. Bg3 Bg7 18. Rfe1 O-O 19. Rab1 Bc8 20. Bf5 Be6 21. h3 Qd7
22. Bd3 a5 23. Qd2 Rfe8 24. Bc2 Bf5 25. Bxf5 Qxf5 26. e6 fxe6 27. Bxc7 Rbc8 28.
Bxa5 e5 29. Nh2 e4 30. Rbd1 Nxa5 31. Qxa5 Ra8 32. Qb6 Rxa3 33. Ng4 Kh7 34. b4
h5 35. Nh2 Ra2 36. Rf1 cxb4 37. Qxb4 Rf8 38. Rd2 Rxd2 39. Qxd2 Be5 40. Re1
1/2-1/2

[Event "ODJM A 2017"]
[Site "Willingen GER"]
[Date "2017.06.05"]
[Round "3"]
[White "Meulner, Fabian"]
[Black "Grunert, Friedrich"]
[Result "1-0"]
[Termination "normal"]
[Board "37"]
[WhiteElo "1969"]
[BlackElo "1805"]
[PlyCount "71"]
[WhiteFideId "12913936"]
[BlackFideId "12995592"]
[EventCountry "GER"]
[EventRounds "9"]
[EventType "swiss"]
[EventDate "2017.06.03"]

1. c4 Nf6 2. Nf3 g6 3. Nc3 Bg7 4. e4 d6 5. d4 O-O 6. h3 e5 7. d5 Nbd7 8. Be3
Ne8 9. Qc2 b6 10. g4 a5 11. O-O-O Nc5 12. g5 Bh8 13. Be2 Ng7 14. Nh2 Nh5 15.
Bxh5 gxh5 16. Qe2 Ba6 17. Qxh5 Bxc4 18. Ng4 Bg7 19. Rhg1 Kh8 20. Nh6 Bxh6 21.
gxh6 Qf6 22. Rg7 Nd3+ 23. Rxd3 Bxd3 24. f3 Rg8 25. Bg5 Qg6 26. Rxg6 Rxg6 27.
Qh4 f5 28. Bf6+ Kg8 29. Kd2 fxe4 30. fxe4 Bf1 31. Bg7 b5 32. Nd1 a4 33. Ne3 Bc4
34. Nf5 Rg2+ 35. Kc3 Bxa2 36. Qf6 1-0

[Event "ODJM A 2017"]
[Site "Willingen GER"]
[Date "2017.06.05"]
[Round "3"]
[White "Dette, Jan"]
[Black "Reindl, Knut"]
[Result "1-0"]
[Termination "normal"]
[Board "38"]
[WhiteElo "2032"]
[BlackElo "1687"]
[PlyCount "47"]
[WhiteFideId "12936677"]
[BlackFideId "12946753"]
[EventCountry "GER"]
[EventRounds "9"]
[EventType "swiss"]
[EventDate "2017.06.03"]

1. e4 c5 2. Nf3 d6 3. d4 cxd4 4. Nxd4 Nf6 5. Nc3 g6 6. Be3 Bg7 7. f3 O-O 8. Qd2
Nc6 9. O-O-O d5 10. exd5 Nxd5 11. Nxc6 bxc6 12. Bd4 Nxc3 13. Qxc3 Bxd4 14. Rxd4
Qb6 15. Bc4 a5 16. h4 c5 17. Re4 Qf6 18. Qxf6 exf6 19. Re7 Ba6 20. Bd5 Rad8 21.
c4 a4 22. Rhe1 Rd6 23. Rc7 Rb8 24. Ree7 1-0

[Event "ODJM A 2017"]
[Site "Willingen GER"]
[Date "2017.06.05"]
[Round "3"]
[White "Kruglikova, Viktorija"]
[Black "Hinrichs, Paul"]
[Result "1-0"]
[Termination "normal"]
[Board "39"]
[WhiteElo "1788"]
[BlackElo "1916"]
[PlyCount "107"]
[WhiteFideId "34120596"]
[BlackFideId "12942545"]
[EventCountry "GER"]
[EventRounds "9"]
[EventType "swiss"]
[EventDate "2017.06.03"]

1. Nf3 d5 2. b3 c5 3. Bb2 Nc6 4. g3 Nf6 5. Bg2 e6 6. O-O Be7 7. c4 O-O 8. d3 b6
9. Nbd2 Bb7 10. a3 Qc7 11. Qc2 d4 12. Ng5 Nd7 13. Nde4 h6 14. Nf3 Rae8 15. e3
e5 16. exd4 exd4 17. Bc1 f5 18. Bf4 Nde5 19. Nxe5 Nxe5 20. Bxe5 Qxe5 21. Nf6+
Qxf6 22. Bxb7 f4 23. Bd5+ Kh8 24. Rfe1 fxg3 25. hxg3 Bd6 26. Qd2 Bb8 27. Rxe8
Rxe8 28. Re1 Rxe1+ 29. Qxe1 Qe5 30. Qxe5 Bxe5 31. Kg2 g5 32. Kf3 Kg7 33. Ke4
Kf6 34. g4 Bc7 35. Bg8 Kg7 36. Be6 Kf6 37. Kd5 Bd8 38. Bf5 h5 39. Kd6 h4 40.
Be4 h3 41. Bf3 Be7+ 42. Kd5 Bf8 43. Be4 h2 44. Bg2 Ke7 45. Ke5 a5 46. a4 Bg7+
47. Kf5 Bf6 48. Bd5 h1=Q 49. Bxh1 Kf7 50. Bd5+ Kg7 51. Ke6 Kg6 52. Be4+ Kg7 53.
f3 Kh6 54. Kxf6 1-0

[Event "ODJM A 2017"]
[Site "Willingen GER"]
[Date "2017.06.05"]
[Round "3"]
[White "Buhr, Patrick"]
[Black "Elier, Ali"]
[Result "0-1"]
[Termination "normal"]
[Board "40"]
[WhiteElo "1780"]
[BlackElo "1931"]
[PlyCount "92"]
[WhiteFideId "16206436"]
[BlackFideId "16217543"]
[EventCountry "GER"]
[EventRounds "9"]
[EventType "swiss"]
[EventDate "2017.06.03"]

1. c4 Nf6 2. g3 g6 3. Bg2 Bg7 4. Nc3 O-O 5. e3 d6 6. Nge2 c6 7. O-O Qa5 8. a3
Qh5 9. Qc2 e5 10. d4 Bh3 11. dxe5 dxe5 12. e4 Nbd7 13. f3 Be6 14. b3 Rfd8 15.
Be3 Bf8 16. Qc1 Nc5 17. g4 Bxg4 18. fxg4 Nxg4 19. h3 Nxe3 20. Qxe3 Nxb3 21. Qf3
Qxf3 22. Bxf3 Nxa1 23. Rxa1 Rd2 24. Rb1 b6 25. a4 Bc5+ 26. Kf1 Rad8 27. Bg2 Bd4
28. Nd1 Ra2 29. h4 Rxa4 30. h5 Rxc4 31. Nxd4 Rcxd4 32. Ne3 f6 33. h6 Kf7 34.
Nc2 Rd1+ 35. Rxd1 Rxd1+ 36. Ke2 Rd6 37. Ke3 g5 38. Kf3 Kg6 39. Ne3 Rd3 40. Bf1
Ra3 41. Kf2 Kxh6 42. Bc4 Rxe3 43. Kxe3 g4 44. Be6 Kg5 45. Bd7 c5 46. Kf2 Kf4
0-1

[Event "ODJM A 2017"]
[Site "Willingen GER"]
[Date "2017.06.05"]
[Round "3"]
[White "Dechant, Georg"]
[Black "Baumann, Marcel"]
[Result "1-0"]
[Termination "normal"]
[Board "41"]
[WhiteElo "2031"]
[BlackElo "1712"]
[PlyCount "117"]
[WhiteFideId "12956716"]
[BlackFideId "12974668"]
[EventCountry "GER"]
[EventRounds "9"]
[EventType "swiss"]
[EventDate "2017.06.03"]

1. e4 d5 2. exd5 Qxd5 3. Nc3 Qd6 4. d4 Nf6 5. Nf3 a6 6. g3 Bg4 7. h3 Bh5 8. Bg2
e6 9. g4 Bg6 10. Ne5 Nc6 11. Bf4 Nxe5 12. dxe5 Qxd1+ 13. Rxd1 Nd5 14. Bxd5 exd5
15. Nxd5 O-O-O 16. Ne3 Bc5 17. c3 Bd3 18. Nf5 g6 19. Be3 Bxe3 20. Nxe3 Rhe8 21.
f3 f6 22. Kf2 fxe5 23. Rhe1 e4 24. f4 Rf8 25. Kg3 Rd6 26. b3 Rdf6 27. Nd5 R6f7
28. g5 a5 29. Rd2 Kb8 30. c4 Rf5 31. Rf2 a4 32. Nc3 axb3 33. axb3 Re8 34. Rd2
Rff8 35. Ra2 c6 36. Rd2 Kc7 37. Nd1 Rd8 38. Nf2 Rfe8 39. Nxd3 Rxd3+ 40. Rxd3
exd3 41. Kf2 d2 42. Rd1 Rf8 43. Ke3 Kb6 44. Rxd2 Rf7 45. b4 Kc7 46. Kf3 Kc8 47.
Rd4 Kc7 48. c5 Re7 49. Re4 Rd7 50. h4 Kd8 51. Ke3 Kc7 52. Re6 Kd8 53. Ke4 Rf7
54. Re5 Kd7 55. f5 Rf8 56. f6 Rf7 57. Kf4 Kd8 58. Re6 Kd7 59. Ke5 1-0

[Event "ODJM A 2017"]
[Site "Willingen GER"]
[Date "2017.06.05"]
[Round "3"]
[White "Oberhofer, Marie"]
[Black "Erofeev, Anastasia"]
[Result "0-1"]
[Termination "normal"]
[Board "42"]
[WhiteElo "1599"]
[BlackElo "1970"]
[PlyCount "58"]
[WhiteFideId "12938165"]
[BlackFideId "12917915"]
[EventCountry "GER"]
[EventRounds "9"]
[EventType "swiss"]
[EventDate "2017.06.03"]

1. e4 e5 2. Nf3 Nc6 3. Bb5 a6 4. Ba4 Nf6 5. O-O Be7 6. Re1 b5 7. Bb3 d6 8. c3
O-O 9. d3 Nb8 10. Nbd2 c5 11. Nf1 h6 12. Ne3 Re8 13. Nd5 Bb7 14. c4 Nxd5 15.
cxd5 Nd7 16. Bd2 Rf8 17. Qe2 Kh8 18. Rec1 Rc8 19. Qe1 Qe8 20. a4 b4 21. Be3 f5
22. Bd1 Qg6 23. Bd2 Rf7 24. Kh1 a5 25. b3 Rcf8 26. Be3 fxe4 27. dxe4 Qxe4 28.
Bc2 Qxd5 29. Rd1 Qc6 0-1

[Event "ODJM A 2017"]
[Site "Willingen GER"]
[Date "2017.06.05"]
[Round "3"]
[White "Gallasch, Robin"]
[Black "Fuhrmann, Åke"]
[Result "1/2-1/2"]
[Termination "normal"]
[Board "43"]
[WhiteElo "1562"]
[BlackElo "1793"]
[PlyCount "81"]
[WhiteFideId "16222423"]
[BlackFideId "12983853"]
[EventCountry "GER"]
[EventRounds "9"]
[EventType "swiss"]
[EventDate "2017.06.03"]

1. d4 Nf6 2. c4 g6 3. Nc3 d5 4. cxd5 Nxd5 5. e4 Nb6 6. Be3 Bg7 7. Nf3 Bg4 8.
Be2 O-O 9. O-O Nc6 10. d5 Bxf3 11. Bxf3 Ne5 12. Be2 c6 13. dxc6 Nxc6 14. Qc2
Nd4 15. Bxd4 Qxd4 16. Rfd1 Qc5 17. Rac1 Bh6 18. Nd5 Qd6 19. Ne3 Rac8 20. Rxd6
Rxc2 21. Rxg6+ fxg6 22. Rxc2 Bxe3 23. fxe3 Rc8 24. Rxc8+ Nxc8 25. Bc4+ Kg7 26.
Bd5 Nb6 27. Kf2 Kf6 28. Bxb7 Na4 29. b3 Nc3 30. a4 a5 31. Kf3 Ke5 32. Bd5 e6
33. Bc4 Nxe4 34. h4 Nd6 35. g4 h6 36. Bd3 g5 37. hxg5 hxg5 38. Bc4 Nb7 39. Ba6
Nc5 40. Bc4 Kd6 41. Ke2 1/2-1/2

[Event "ODJM A 2017"]
[Site "Willingen GER"]
[Date "2017.06.05"]
[Round "3"]
[White "Bold, Andre"]
[Black "Fromm, Johannes"]
[Result "1-0"]
[Termination "normal"]
[Board "44"]
[WhiteElo "1905"]
[BlackElo "1636"]
[PlyCount "67"]
[WhiteFideId "16208471"]
[BlackFideId "12993204"]
[EventCountry "GER"]
[EventRounds "9"]
[EventType "swiss"]
[EventDate "2017.06.03"]

1. e4 c5 2. Nf3 d6 3. Bb5+ Nd7 4. d4 cxd4 5. Qxd4 a6 6. Bxd7+ Bxd7 7. O-O Nf6
8. Re1 g6 9. e5 dxe5 10. Qxe5 Bg7 11. Bh6 Bxh6 12. Qxf6 Rg8 13. Nc3 e6 14. Ne4
Kf8 15. Rad1 Qe7 16. Qc3 Bc6 17. Ne5 Rc8 18. Nf6 Rg7 19. Ned7+ Bxd7 20. Nxd7+
Qxd7 21. Rxd7 Rxc3 22. bxc3 b6 23. Rd6 Ke7 24. Rxb6 Bd2 25. Rd1 Bxc3 26. Rxa6
Rg8 27. g3 Rb8 28. Ra7+ Kf6 29. Rdd7 Kg5 30. Kg2 Rb2 31. Rxf7 Bd4 32. h4+ Kh5
33. Ra4 e5 34. c3 1-0

[Event "ODJM A 2017"]
[Site "Willingen GER"]
[Date "2017.06.05"]
[Round "3"]
[White "Bethke, Robert"]
[Black "Verhufen, Hendrik"]
[Result "1/2-1/2"]
[Termination "normal"]
[Board "45"]
[WhiteElo "1864"]
[BlackElo "1408"]
[PlyCount "65"]
[WhiteFideId "12959251"]
[BlackFideId "12975818"]
[EventCountry "GER"]
[EventRounds "9"]
[EventType "swiss"]
[EventDate "2017.06.03"]

1. c4 e5 2. Nc3 Nf6 3. Nf3 Nc6 4. g3 d5 5. cxd5 Nxd5 6. Bg2 Nb6 7. O-O Be7 8.
a3 a5 9. d3 O-O 10. Be3 Be6 11. Rc1 f6 12. Ne4 Nd4 13. Nxd4 exd4 14. Bd2 Nd7
15. Bf4 Rc8 16. h4 g5 17. hxg5 fxg5 18. Bd2 c5 19. f4 gxf4 20. Bxf4 Qb6 21. Qd2
c4 22. dxc4 Bxc4 23. Bg5 d3+ 24. Be3 Qa6 25. exd3 Bxd3 26. Rxf8+ Rxf8 27. Nf2
Bf5 28. Rc7 Qd6 29. Rxb7 Qxg3 30. Bf4 Qg6 31. Rxd7 Bxd7 32. Qxd7 Qb1+ 33. Bf1
1/2-1/2

[Event "ODJM A 2017"]
[Site "Willingen GER"]
[Date "2017.06.05"]
[Round "3"]
[White "Arnold, Leander"]
[Black "Schilay, Lorenz"]
[Result "0-1"]
[Termination "normal"]
[Board "46"]
[WhiteElo "1625"]
[BlackElo "1875"]
[PlyCount "59"]
[WhiteFideId "12990230"]
[BlackFideId "12930180"]
[EventCountry "GER"]
[EventRounds "9"]
[EventType "swiss"]
[EventDate "2017.06.03"]

1. d4 Nf6 2. Nf3 g6 3. Bf4 Bg7 4. e3 c5 5. c3 d5 6. Bd3 Nc6 7. Nbd2 Nh5 8. Bg3
Nxg3 9. fxg3 O-O 10. O-O e5 11. dxe5 Nxe5 12. Nxe5 Bxe5 13. Nf3 Bg7 14. e4 Qb6
15. Rf2 d4 16. cxd4 cxd4 17. Qd2 Be6 18. b3 Rac8 19. Raf1 Rc3 20. Ne1 h5 21.
Qg5 Rc5 22. Qd2 Kh7 23. Kh1 Bh6 24. Qb2 Rc3 25. h4 Qc7 26. Kh2 Bg7 27. Rc2 Be5
28. Qa3 Bxg3+ 29. Kh1 Qd8 30. Nf3 0-1

[Event "ODJM A 2017"]
[Site "Willingen GER"]
[Date "2017.06.05"]
[Round "3"]
[White "Diegel, Jonas"]
[Black "Rohde, Niclas"]
[Result "1-0"]
[Termination "normal"]
[Board "47"]
[WhiteElo "1554"]
[BlackElo "1587"]
[PlyCount "129"]
[WhiteFideId "16206061"]
[BlackFideId "16230205"]
[EventCountry "GER"]
[EventRounds "9"]
[EventType "swiss"]
[EventDate "2017.06.03"]

1. d4 d6 2. c4 Nf6 3. Nf3 g6 4. Nc3 Bg7 5. Bd2 O-O 6. e3 Nbd7 7. Bd3 c5 8. O-O
b6 9. Rc1 Bb7 10. Qe2 Rc8 11. b3 Re8 12. Bb1 a6 13. Rfd1 Qc7 14. h3 Qb8 15. Nh2
Qa8 16. f3 d5 17. dxc5 Nxc5 18. cxd5 Nxd5 19. Nxd5 Bxd5 20. e4 Bc6 21. Be3 Bb5
22. Qf2 Red8 23. Rxd8+ Rxd8 24. Kh1 Nd3 25. Bxd3 Rxd3 26. Bxb6 Bh6 27. Re1 Qb8
28. Nf1 Qd6 29. Bc5 Qd8 30. a4 Bc6 31. Qc2 e6 32. Be3 Bxe3 33. Nxe3 Bb7 34. Rd1
Rxd1+ 35. Qxd1 Qc7 36. Ng4 Qc3 37. Qd6 Qc8 38. Qd2 h5 39. Ne5 Qc7 40. Nc4 Bc6
41. Qd6 Qc8 42. Kh2 Kg7 43. Ne5 Be8 44. Qd4 Kh7 45. Nc4 Qc7+ 46. Qd6 Qb7 47.
Qb6 Qxb6 48. Nxb6 Bc6 49. Kg3 Kg7 50. Kf4 Kf6 51. Nc4 g5+ 52. Ke3 e5 53. Kd3
Ke6 54. g4 hxg4 55. hxg4 f6 56. Kc3 Bb7 57. Kb4 Kd7 58. Kc5 Kc7 59. Ne3 Kd7 60.
b4 Bc6 61. b5 axb5 62. axb5 Bb7 63. Kb6 Bc8 64. Nd5 Ke6 65. Kc7 1-0

[Event "ODJM A 2017"]
[Site "Willingen GER"]
[Date "2017.06.05"]
[Round "3"]
[White "Roth, Jakob"]
[Black "Hoppe, Nico"]
[Result "1/2-1/2"]
[Termination "normal"]
[Board "48"]
[WhiteElo "1847"]
[BlackElo "1583"]
[PlyCount "65"]
[WhiteFideId "12952605"]
[BlackFideId "16225520"]
[EventCountry "GER"]
[EventRounds "9"]
[EventType "swiss"]
[EventDate "2017.06.03"]

1. d4 Nf6 2. c4 g6 3. Nc3 Bg7 4. e4 d6 5. Be2 O-O 6. Nf3 Na6 7. O-O c5 8. d5
Re8 9. h3 e6 10. Be3 exd5 11. exd5 Bf5 12. Qd2 Qd7 13. Nh4 Ne4 14. Nxe4 Bxe4
15. Nf3 Nc7 16. Ne1 b5 17. f3 Bf5 18. g4 Bxg4 19. fxg4 Rxe3 20. Rf3 Rae8 21.
Rxe3 Rxe3 22. Nf3 Re7 23. Kg2 b4 24. Rf1 Na8 25. g5 Nb6 26. Nh2 Qe8 27. Bd3 Na4
28. b3 Nb2 29. Ng4 Nxd3 30. Qxd3 Re2+ 31. Rf2 Qe4+ 32. Qxe4 Rxe4 33. Nf6+
1/2-1/2

[Event "ODJM A 2017"]
[Site "Willingen GER"]
[Date "2017.06.05"]
[Round "3"]
[White "Kostanyan, Hakob"]
[Black "Wieber, Dominik"]
[Result "1-0"]
[Termination "normal"]
[Board "49"]
[WhiteElo "1737"]
[BlackElo "1818"]
[PlyCount "85"]
[WhiteFideId "12977683"]
[BlackFideId "24699012"]
[EventCountry "GER"]
[EventRounds "9"]
[EventType "swiss"]
[EventDate "2017.06.03"]

1. e4 e5 2. Nf3 Nc6 3. Nc3 Nf6 4. Be2 Be7 5. d4 Bb4 6. dxe5 Nxe4 7. Bd2 Bxc3 8.
Bxc3 Nxc3 9. bxc3 Qe7 10. Qd5 b6 11. O-O Bb7 12. Rae1 Rb8 13. Qd2 O-O 14. Bd3
h6 15. Qf4 Nd8 16. Nd4 Ne6 17. Qg3 Qg5 18. Qxg5 Nxg5 19. f4 Ne6 20. f5 Nxd4 21.
cxd4 c5 22. Rf4 Rfe8 23. h4 d6 24. f6 cxd4 25. Rg4 g6 26. e6 Rxe6 27. Rxe6 fxe6
28. Bxg6 e5 29. Be8+ Kf8 30. f7 Rxe8 31. fxe8=Q+ Kxe8 32. Rg6 Be4 33. Rxd6 Ke7
34. Rxh6 Bxc2 35. Kf2 e4 36. Rc6 e3+ 37. Ke2 Ba4 38. Rg6 Bb5+ 39. Ke1 d3 40.
Rg4 d2+ 41. Kd1 Bc6 42. h5 Kf6 43. Rg6+ 1-0

[Event "ODJM A 2017"]
[Site "Willingen GER"]
[Date "2017.06.05"]
[Round "3"]
[White "Noever, Niklas"]
[Black "Behringer, Tom"]
[Result "0-1"]
[Termination "normal"]
[Board "50"]
[WhiteElo "1628"]
[BlackElo "1840"]
[PlyCount "82"]
[WhiteFideId "12988642"]
[BlackFideId "16203496"]
[EventCountry "GER"]
[EventRounds "9"]
[EventType "swiss"]
[EventDate "2017.06.03"]

1. d4 c5 2. c3 d5 3. Nf3 Nf6 4. Bf4 Bf5 5. Qb3 Qc8 6. e3 c4 7. Qd1 e6 8. h3 Nc6
9. Nh4 Qd8 10. Nxf5 exf5 11. Qc2 g6 12. Be2 Bd6 13. Bg5 h6 14. Bxf6 Qxf6 15.
Bf3 Qe6 16. Nd2 O-O 17. g4 f4 18. e4 dxe4 19. Qxe4 Qf6 20. O-O-O Rac8 21. Nxc4
b5 22. Nxd6 Qxd6 23. Qd5 Qb8 24. Qc5 Na5 25. Qe5 Qb6 26. Kb1 b4 27. cxb4 Nc4
28. Qe7 Rc7 29. Qe1 a5 30. a3 Rb8 31. Bd5 axb4 32. axb4 Nxb2 33. Kxb2 Qd6 34.
Bb3 Rxb4 35. Qxb4 Qxb4 36. Rd3 Re7 37. Rhd1 Re2+ 38. Kb1 Rxf2 39. d5 Qa3 40.
R3d2 Qxb3+ 41. Kc1 Qc3+ 0-1

[Event "ODJM A 2017"]
[Site "Willingen GER"]
[Date "2017.06.05"]
[Round "3"]
[White "Zell, Mirjam"]
[Black "Riegel, Arinna"]
[Result "1/2-1/2"]
[Termination "normal"]
[Board "51"]
[WhiteElo "1669"]
[BlackElo "1852"]
[PlyCount "93"]
[WhiteFideId "16208544"]
[BlackFideId "12931446"]
[EventCountry "GER"]
[EventRounds "9"]
[EventType "swiss"]
[EventDate "2017.06.03"]

1. e4 d5 2. exd5 Qxd5 3. Nc3 Qd8 4. d4 c6 5. Nf3 Nf6 6. Bd3 Bg4 7. Be3 e6 8. h3
Bh5 9. a3 Bd6 10. Qd2 Qc7 11. O-O-O Nbd7 12. Rdf1 O-O-O 13. Qe2 Nb6 14. g4 Bg6
15. Nd2 Nbd5 16. Nce4 Nxe4 17. Nxe4 Nf4 18. Qd2 Nxd3+ 19. Qxd3 Bf4 20. f3 h6
21. Kb1 Rhe8 22. Qc3 Rd5 23. Rd1 Red8 24. Rhe1 Bxe3 25. Qxe3 e5 26. Nc3 Rxd4
27. Rc1 f6 28. Ne2 Ra4 29. Nc3 Ra6 30. h4 Qb6 31. Qxb6 Rxb6 32. g5 hxg5 33.
hxg5 c5 34. gxf6 gxf6 35. Ne4 Rc6 36. Rg1 Bh5 37. Rg3 Rd4 38. Nc3 a6 39. Rh1
Bf7 40. Rg7 Rd7 41. Rh8+ Kc7 42. Rhh7 Be8 43. Rxd7+ Bxd7 44. Nd5+ Kd8 45. Rh8+
Be8 46. Rf8 Re6 47. Nxf6 1/2-1/2

[Event "ODJM A 2017"]
[Site "Willingen GER"]
[Date "2017.06.05"]
[Round "3"]
[White "Schäfer, Nicolas"]
[Black "Kögel, Josef"]
[Result "1-0"]
[Termination "normal"]
[Board "52"]
[WhiteElo "1656"]
[BlackElo "1569"]
[PlyCount "59"]
[WhiteFideId "12988901"]
[BlackFideId "16237641"]
[EventCountry "GER"]
[EventRounds "9"]
[EventType "swiss"]
[EventDate "2017.06.03"]

1. d4 Nf6 2. c4 g6 3. Nc3 Bg7 4. e4 d6 5. Nf3 Nbd7 6. Be2 O-O 7. O-O Re8 8. h3
e5 9. d5 Nh5 10. Ne1 Nhf6 11. Nd3 Nb6 12. b3 c6 13. Be3 c5 14. a3 h6 15. Qd2
Kh7 16. Rfb1 Ng8 17. Ne1 Ne7 18. b4 cxb4 19. axb4 f5 20. c5 f4 21. cxb6 fxe3
22. Qxe3 a6 23. Nb5 Rb8 24. Nc7 Rg8 25. b5 a5 26. Rxa5 g5 27. Rba1 Ng6 28. Ra8
Rxa8 29. Rxa8 Qd7 30. Bg4 1-0